Nome de código (Record no. 1990)

MARC details
000 -Etiqueta do registo
Valores 00743nam a2200277 4500
010 ## - Número ISBN
ISBN 9789722359221
021 ## - Número do Depósito Legal
Código do país Portugal
Número 416292/16
100 ## - Dados gerais de processamento
Dados gerais 20251120d2016 m||y0pory50030103ba
101 ## - Língua de publicação
Língua Português
102 ## - País de publicação
País Portugal
200 ## - Titulo e menção de responsabilidade
Título próprio Nome de código
Informação de outro título Leoparda
Primeira menção de responsabilidade Ken Follett
Outras menções de responsabilidade trad. João Brito
205 ## - Menção da edição
Edição 12ª edição
210 ## - Publicação
Local de publicação Lisboa
Nome do editor Presença
Data de publicação 2016
215 ## - Descrição física 
Paginação / Volumes 475, [5] p.
Dimensões 23 cm
225 ## - Colecção 
Título próprio da colecção Grandes narrativas
Indicação de volume 646
300 ## - Notas gerais 
Texto da nota BMB-Registado
304 ## - Nota relativa ao título
Texto de nota Tít. orig.: Jackdaws
606 ## - Nome comum usado como assunto
ID Autoridade 824
Palavra de ordem Literatura Inglesa
606 ## - Nome comum usado como assunto
ID Autoridade 779
Palavra de ordem Romance
675 ## - CDU
Notação 821.111-31
Edição BMB
Língua por
700 ## - Autor principal (pessoa individual)
Apelido Follett
Nome Ken
Datas 1949-
ID Autoridade 2862
702 ## - Autor secundário (pessoa individual)
Apelido Brito
Nome João
Função Tradutor
ID Autoridade 2863
801 ## - Fonte de origem
País PT
Agência BMB
Regras de catalogação RPC
990 ## - Elementos KOHA
Tipo de documento Livro
Holdings
Situação do levantamento Estado Número Biblioteca de origem Código de barras Cota Permissão de empréstimo Tipo de documento Forma de aquisição
    1 Biblioteca Municipal de Borba 1939 821.111-31 FOL / LEO   Livro Compra
Biblioteca Municipal de Borba

Powered by Koha